Second Public Procurement Review of the Mexican Institute of Social Security (IMSS) Reshaping Strategies for Better Healthcare
Salvato in:
| Natura: | Libro |
|---|---|
| Lingua: | inglese |
| Pubblicazione: |
Paris
OECD
2018
|
| Serie: | OECD Public Governance Reviews
|
| Soggetti: | |
| Tags: |
Nessun Tag, puoi essere il primo ad aggiungerne!!
|
MARC
| LEADER | 00000nam a2200000 4500 | ||
|---|---|---|---|
| 001 | 0242008 | ||
| 005 | 20221220065842.9 | ||
| 020 | |a 978-92-64-19017-7 | ||
| 041 | 0 | |a eng | |
| 044 | |a FR | ||
| 245 | 1 | 0 | |a Second Public Procurement Review of the Mexican Institute of Social Security (IMSS) |b Reshaping Strategies for Better Healthcare |
| 264 | 1 | |a Paris |b OECD |c 2018 | |
| 300 | |a 236 s. | ||
| 490 | 1 | |a OECD Public Governance Reviews | |
| 830 | 0 | |a OECD Public Governance Reviews | |
| 610 | 2 | 0 | |a správa verejná |
| 610 | 2 | 0 | |a zdravotníctvo verejné |
| 610 | 2 | 0 | |a starostlivosť o zdravie |
| 610 | 2 | 0 | |a služby zdravotnícke |
| 610 | 2 | 0 | |a riadenie rizík |
| 610 | 2 | 0 | |a Mexiko |